Verbes irréguliers anglais (Base Verbale) - Statistiques

Statistiques générales
  • Ce quiz a été pris 246 fois
  • Le résultat moyen est 98 sur 122
Statistiques - réponses
Base Verbale Prétérit Participe passé Traduction % Correct
Read Read Read lire
96%
Sleep Slept Slept dormir
96%
Be Was/Were Been être
94%
Beat Beat Beaten battre
94%
Fight Fought Fought combattre
94%
Learn Learnt Learnt apprendre
94%
Keep Kept Kept garder
93%
Shut Shut Shut fermer
93%
Tell Told Told dire
93%
Eat Ate Eaten manger
92%
Bite Bit Bitten mordre
91%
Build Built Built construire
91%
Freeze Froze Frozen geler
91%
Get Got Got obtenir
91%
Say Said Said dire
91%
Sing Sang Sung chanter
91%
Understand Understood Understood comprendre
91%
Cut Cut Cut couper
90%
Let Let Let laisser
90%
See Saw Seen voir
89%
Burn Burnt Burnt brûler
88%
Go Went Gone aller
88%
Know Known Known savoir
88%
Lean Leant Leant s'appuyer
88%
Sell Sold Sold vendre
88%
Speak Spoke Spoken parler
88%
Wake Woke Woken réveiller
88%
Bet Bet Bet parier
87%
Cost Cost Cost coûter
87%
Do Did Done faire
87%
Make Made Made fabriquer
87%
Mean Meant Meant signifier
87%
Overcome Overcame Overcome vaincre
87%
Send Sent Sent envoyer
87%
Shake Shook Shaken mélanger
87%
Come Came Come venir
86%
Draw Drew Drawn dessiner
86%
Drive Drove Driven conduire
86%
Have Had Had avoir
86%
Win Won Won gagner
86%
Buy Bought Bought acheter
85%
Find Found Found trouver
85%
Fly Flew Flown voler
85%
Hear Heard Heard entendre
85%
Sit Sat Sat être assis
85%
Give Gave Given donner
84%
Put Put Put mettre
84%
Show Showed Shown montrer
84%
Steal Stole Stolen voler
84%
Take Took Taken prendre
84%
Write Wrote Writen écrire
84%
Become Became Become devenir
83%
Blow Blew Blown souffler
83%
Break Broke Broken briser
83%
Hold Held Held tenir
83%
Meet Met Met rencontrer
83%
Pay Paid Paid payer
83%
Smell Smelt Smelt sentir
83%
Upset Upset Upset renverser
83%
Choose Chose Chose choisir
82%
Drink Drank Drunk boire
82%
Forget Forgot Forgotten oublier
82%
Ring Rang Rung sonner
82%
Swing Swung Swung balancer
82%
Bring Brought Brought apporter
81%
Hang Hung Hung pendre
81%
Hit Hit Hit frapper
81%
Set Set Set fixer
81%
Swim Swam Swum nager
81%
Begin Began Begun commencer
80%
Dream Dreamt Dreamt rêver
80%
Fall Fell Fallen tomber
80%
Feed Fed Fed nourrir
80%
Feel Felt Felt se sentir
80%
Forgive Forgave Forgiven pardonner
80%
Hide Hid Hid cacher
80%
Hurt Hurt Hurt blesser
80%
Lead Led Led mener
80%
Run Ran Run courir
80%
Swear Swore Sworn jurer
80%
Awake Awoke Awoken se réveiller
79%
Ride Rode Ridden aller
79%
Shoot Shot Shot tirer
79%
Spend Spent Spent dépenser
79%
Forbid Forbade Forbidden interdire
78%
Spread Spread Spread étaler
78%
Burst Burst Burst éclater
77%
Cast Cast Cast jeter
77%
Deal Dealt Dealt distrubuer
77%
Grow Grew Grown grandir
77%
Lay Laid Laid poser à plat
77%
Stick Stuck Stuck coller
77%
Lose Lost Lost perdre
76%
Sink Sank Sunk couler
76%
Stand Stood Stood être debout
76%
Catch Caught Caught attraper
75%
Creep Crept Crept ramper
75%
Shine Shone Shone briller
75%
Spell Spelt Spelt épeler
75%
Think Thought Thought penser
75%
Dig Dug Dug creuser
74%
Rise Rose Risen s'élever
74%
Spring Sprang Sprung bondir
74%
Undo Undid Undone défaire
74%
Wear Wore Wore porter
74%
Breed Bred Bred élever
73%
Teach Taught Taught enseigner
73%
Throw Threw Thrown jeter
73%
Leap Leapt Leapt sauter
72%
Leave Left Left quitter
72%
Undergo Underwent Undergone subir
72%
Lend Lent Lent prêter
69%
Bend Bent Bent courber
66%
Foresee Foresaw Foreseen prévoir
65%
Weep Wept Wept pleurer
64%
Sweep Swept Swept balayer
63%
Light Lit Lit allumer
60%
Bear Bore Borne supporter
58%
Tear Tore Tore déchirer
57%
Lie Lay Lain être étendu
52%
Strike Struck Struck frapper
40%
Seek Sought Sought chercher
27%
Aucun quiz correspondant
Distribution des résultats
% des personnes avec chaque résultat
Percentile par nombre de réponses
Votre historique - résultats
Vous n’avez pas pris ce quiz